[Event "Titled Tuesday intern op 06th Feb Early"]
[Site "Chess.com INT"]
[Date "2024.02.06"]
[Round "1"]
[White "Korpics, Zsolt"]
[Black "Corrales Jimenez, Fidel"]
[Result "0-1"]
[WhiteElo "2300"]
[BlackElo "2531"]
[PlyCount "72"]
[EventDate "2024.02.06"]
[EventType "swiss (blitz)"]
[EventRounds "11"]
[EventCountry "USA"]
[SourceTitle "CB07_2024"]
[SourceDate "2024.02.14"]
[SourceVersion "1"]
[SourceVersionDate "2024.02.14"]
[SourceQuality "1"]

1. e4 c6 2. Nf3 d5 3. Nc3 g6 4. d4 Bg7 5. h3 a6 6. Be2 Nf6 7. e5 Ne4 8. Bd3 Nxc3 9. bxc3 c5 10. 0-0 Qa5 11. Bd2 c4 12. Be2 e6 13. Nh2 Nd7 14. f4 h5 15. Bf3 Nb6 16. Qe1 Na4 17. g4 hxg4 18. hxg4 Bd7 19. Rf2 0-0-0 20. Rb1 Rh7 21. Bg2 Bf8 22. Nf3 Be7 23. Re2 Rdh8 24. Re3 Bh4 25. Qc1 Bg3 26. f5 gxf5 27. gxf5 Bf4 28. Re1 Bxd2 29. Qxd2 Qxc3 30. Qxc3 Nxc3 31. Rb2 Rg8 32. Kf1 Rhg7 33. Bh1 exf5 34. Kf2 f4 35. Rf1 Bh3 36. Rg1 Ne4+ 0-1

[Event "Titled Tuesday intern op 06th Feb Early"]
[Site "Chess.com INT"]
[Date "2024.02.06"]
[Round "11"]
[White "Korpics, Zsolt"]
[Black "Jaskolka, Tomasz"]
[Result "0-1"]
[WhiteElo "2300"]
[BlackElo "2241"]
[PlyCount "104"]
[EventDate "2024.02.06"]
[EventType "swiss (blitz)"]
[EventRounds "11"]
[EventCountry "USA"]
[SourceTitle "CB07_2024"]
[SourceDate "2024.02.14"]
[SourceVersion "1"]
[SourceVersionDate "2024.02.14"]
[SourceQuality "1"]

1. e4 d5 2. exd5 Nf6 3. d4 Bg4 4. f3 Bf5 5. c4 e6 6. g4 Bg6 7. Nc3 exd5 8. g5 Nfd7 9. Nxd5 Nc6 10. Bf4 Bd6 11. Bxd6 cxd6 12. Qe2+ Kf8 13. Qd2 h6 14. Nh3 hxg5 15. Nxg5 Nxd4 16. Qxd4 Qxg5 17. Nf4 Re8+ 18. Be2 Qe5 19. Nxg6+ fxg6 20. Qxe5 Nxe5 21. 0-0-0 Re6 22. f4 Nc6 23. Bf3 Ke7 24. Bd5 Re2 25. Rd2 Rxd2 26. Kxd2 Kf6 27. Ke3 Rh3+ 28. Ke4 Nb4 29. Bxb7 Nd3 30. Kd5 Nxf4+ 31. Kxd6 Rd3+ 32. Bd5 g5 33. h4 gxh4 34. Rxh4 g5 35. Rh1 g4 36. Rf1 Kg5 37. Ke5 Ng6+ 38. Ke4 Rd2 39. c5 Re2+ 40. Kd3 Rxb2 41. c6 Ne5+ 42. Kd4 Nxc6+ 43. Bxc6 Rxa2 44. Bd5 Ra4+ 45. Ke5 Ra3 46. Rg1 g3 47. Be4 Kg4 48. Bf5+ Kf3 49. Be4+ Kf2 50. Rb1 Ra5+ 51. Kf4 Ra2 52. Rb2+ Rxb2 0-1

[Event "Titled Tuesday intern op 06th Feb Early"]
[Site "Chess.com INT"]
[Date "2024.02.06"]
[Round "5"]
[White "Mamedjarova, Turkan"]
[Black "Korpics, Zsolt"]
[Result "0-1"]
[WhiteElo "2217"]
[BlackElo "2300"]
[PlyCount "64"]
[EventDate "2024.02.06"]
[EventType "swiss (blitz)"]
[EventRounds "11"]
[EventCountry "USA"]
[SourceTitle "CB07_2024"]
[SourceDate "2024.02.14"]
[SourceVersion "1"]
[SourceVersionDate "2024.02.14"]
[SourceQuality "1"]

1. e4 c5 2. Nf3 e6 3. d4 cxd4 4. Nxd4 Nc6 5. Nc3 Qc7 6. Be3 a6 7. Bc4 Nf6 8. f3 Bb4 9. 0-0 Ne5 10. Bb3 Bxc3 11. bxc3 Qxc3 12. Bf4 Ng6 13. Bd6 b5 14. e5 Ng8 15. f4 Bb7 16. f5 Nh4 17. fxe6 Qe3+ 18. Rf2 dxe6 19. Qg4 Nxg2 20. Qxg7 0-0-0 21. Nxe6 Nf4 22. Nxf4 Nh6 23. Qxh6 Rhg8+ 24. Kf1 Qe4 25. Be6+ fxe6 26. Qxe6+ Rd7 27. Qxg8+ Rd8 28. Qg4+ Rd7 29. Ng2 Qxg4 30. Rf8+ Rd8 31. Rxd8+ Kxd8 32. Re1 Qxg2# 0-1

[Event "Titled Tuesday intern op 19th Sep Late"]
[Site "Chess.com INT"]
[Date "2023.09.19"]
[Round "7"]
[White "Guzman Lozano, Campo Elias"]
[Black "Korpics, Zsolt"]
[Result "1-0"]
[WhiteElo "1837"]
[BlackElo "2300"]
[PlyCount "65"]
[EventDate "2023.09.19"]
[EventType "swiss (blitz)"]
[EventRounds "11"]
[EventCountry "USA"]
[SourceTitle "EXT 2024"]
[Source "ChessBase"]
[SourceDate "2023.10.10"]
[SourceVersion "1"]
[SourceVersionDate "2023.10.10"]
[SourceQuality "1"]

1. e4 c5 2. d4 cxd4 3. c3 Nf6 4. e5 Nd5 5. cxd4 e6 6. Nc3 Nxc3 7. bxc3 d6 8. Nf3 Qc7 9. Bd2 Bd7 10. Bd3 Bc6 11. 0-0 Nd7 12. Re1 Bxf3 13. Qxf3 dxe5 14. dxe5 Nxe5 15. Rxe5 Qxe5 16. Qxb7 Rb8 17. Qc6+ Ke7 18. Re1 Qa5 19. Bf4 Rd8 20. Bc7 Qd5 21. Bxd8+ Kxd8 22. Qa6 Bc5 23. Be2 Ke7 24. Rd1 Qf5 25. Qb7+ Kf6 26. Bf3 Qc2 27. Rf1 Qxc3 28. h3 Rd8 29. Bh5 g6 30. Bf3 Rd2 31. Qb8 Bd6 32. Qh8+ Kf5 33. Qxc3 1-0

[Event "Titled Tuesday intern op 19th Sep Late"]
[Site "Chess.com INT"]
[Date "2023.09.19"]
[Round "5"]
[White "Rodgers, Jack"]
[Black "Korpics, Zsolt"]
[Result "1-0"]
[WhiteElo "2084"]
[BlackElo "2300"]
[PlyCount "73"]
[EventDate "2023.09.19"]
[EventType "swiss (blitz)"]
[EventRounds "11"]
[EventCountry "USA"]
[SourceTitle "EXT 2024"]
[Source "ChessBase"]
[SourceDate "2023.10.10"]
[SourceVersion "1"]
[SourceVersionDate "2023.10.10"]
[SourceQuality "1"]

1. d4 Nf6 2. Bg5 Ne4 3. h4 d5 4. Nd2 Nxg5 5. hxg5 c5 6. dxc5 e6 7. e3 Bxc5 8. g6 fxg6 9. Bd3 Qf6 10. Qg4 0-0 11. 0-0-0 e5 12. Qa4 e4 13. Bxe4 Be6 14. Bf3 Nc6 15. Nb3 Be7 16. Nh3 Rad8 17. Nf4 g5 18. Nxe6 Qxe6 19. Nd4 Qf6 20. Qb3 Qe5 21. Ne2 Na5 22. Bxd5+ Kh8 23. Qd3 h6 24. Nc3 Bf6 25. Qg6 Rxd5 26. Rxd5 Qc7 27. Qd3 Nc6 28. Qc4 Qb6 29. Rhd1 Ne5 30. Qc5 Qa6 31. Qxf8+ Kh7 32. Rxe5 Bxe5 33. Qf5+ Qg6 34. Qxe5 h5 35. Qe4 Kh6 36. Qxg6+ Kxg6 37. Rd7 1-0

[Event "Titled Tuesday intern op 19th Sep Late"]
[Site "Chess.com INT"]
[Date "2023.09.19"]
[Round "4"]
[White "Shapiro, Daniel E"]
[Black "Korpics, Zsolt"]
[Result "0-1"]
[WhiteElo "2284"]
[BlackElo "2300"]
[PlyCount "60"]
[EventDate "2023.09.19"]
[EventType "swiss (blitz)"]
[EventRounds "11"]
[EventCountry "USA"]
[SourceTitle "EXT 2024"]
[Source "ChessBase"]
[SourceDate "2023.10.10"]
[SourceVersion "1"]
[SourceVersionDate "2023.10.10"]
[SourceQuality "1"]

1. d4 Nf6 2. c4 e6 3. g3 d5 4. Nf3 Bb4+ 5. Bd2 Be7 6. Bg2 0-0 7. Qc2 c6 8. 0-0 b6 9. Rd1 Nbd7 10. Bf4 Ba6 11. Nbd2 Rc8 12. a4 c5 13. b3 cxd4 14. Nxd4 e5 15. Nb5 exf4 16. gxf4 Bxb5 17. axb5 Qc7 18. e3 Nc5 19. cxd5 Qd7 20. e4 Qg4 21. Nc4 Qxf4 22. Rxa7 Bd6 23. Nxb6 Qxh2+ 24. Kf1 Rb8 25. b4 Ncxe4 26. Qc6 Qf4 27. Ra2 Bxb4 28. Nc4 Bc5 29. f3 Ng3+ 30. Ke1 Rfe8+ 0-1

[Event "Titled Tuesday intern op 19th Sep Late"]
[Site "Chess.com INT"]
[Date "2023.09.19"]
[Round "9"]
[White "Vila Dupla, Aurelio"]
[Black "Korpics, Zsolt"]
[Result "1/2-1/2"]
[WhiteElo "2030"]
[BlackElo "2300"]
[PlyCount "126"]
[EventDate "2023.09.19"]
[EventType "swiss (blitz)"]
[EventRounds "11"]
[EventCountry "USA"]
[SourceTitle "EXT 2024"]
[Source "ChessBase"]
[SourceDate "2023.10.10"]
[SourceVersion "1"]
[SourceVersionDate "2023.10.10"]
[SourceQuality "1"]

1. Nf3 Nf6 2. d4 e6 3. g3 b5 4. Bg2 Bb7 5. 0-0 c5 6. a4 b4 7. b3 cxd4 8. Qxd4 Nc6 9. Qd1 Be7 10. Bb2 0-0 11. Nbd2 Rc8 12. Nc4 d6 13. Nd4 Ba8 14. Nb5 d5 15. Ne5 Nxe5 16. Bxe5 a6 17. Nd4 Nd7 18. Nf3 Nxe5 19. Nxe5 Qc7 20. Nd3 Qxc2 21. Rc1 Qxd1 22. Rfxd1 Bb7 23. e3 a5 24. Bf1 Rxc1 25. Rxc1 Rc8 26. Rxc8+ Bxc8 27. Ne5 Bb7 28. Bb5 Bc5 29. Nc6 Bb6 30. Kf1 Kf8 31. Ke2 f6 32. Nd4 Ke7 33. f4 Kd6 34. Kd3 g6 35. Be8 e5 36. fxe5+ fxe5 37. Ne2 Ke6 38. Bb5 Kf5 39. Bd7+ Kf6 40. h4 Ba6+ 41. Kd2 Ke7 42. Bc6 Kd6 43. Be8 Bc7 44. Bf7 Bb7 45. Bg8 h6 46. Bh7 g5 47. hxg5 hxg5 48. g4 Bc8 49. Bf5 Bxf5 50. gxf5 Ke7 51. e4 Kf6 52. Ke3 Bb6+ 53. Kf3 d4 54. Nc1 Bc7 55. Nd3 Bd6 56. Kg4 Be7 57. Kf3 Bf8 58. Kg4 Bd6 59. Kf3 Be7 60. Kg4 Bf8 61. Kf3 Bd6 62. Kg4 Bf8 63. Kf3 Bd6 1/2-1/2

[Event "Titled Tuesday intern op 29th Aug Late"]
[Site "Chess.com INT"]
[Date "2023.08.29"]
[Round "3"]
[White "Trifan, Andrei Ioan"]
[Black "Korpics, Zsolt"]
[Result "1-0"]
[WhiteElo "2300"]
[BlackElo "2300"]
[PlyCount "83"]
[EventDate "2023.08.29"]
[EventType "swiss (blitz)"]
[EventRounds "11"]
[EventCountry "USA"]
[SourceTitle "EXT 2024"]
[Source "ChessBase"]
[SourceDate "2023.10.10"]
[SourceVersion "1"]
[SourceVersionDate "2023.10.10"]
[SourceQuality "1"]

1. Nf3 Nf6 2. b3 d5 3. Bb2 Bg4 4. e3 Nbd7 5. Be2 Bxf3 6. Bxf3 e5 7. d3 Bd6 8. Nd2 0-0 9. 0-0 Qe7 10. e4 c6 11. Re1 Rae8 12. h3 Qd8 13. a4 h6 14. Nf1 d4 15. c3 c5 16. Nd2 Re6 17. Nc4 Bb8 18. Qc2 Nh7 19. Bg4 Rg6 20. Ba3 b6 21. b4 Nhf6 22. Bf5 Rg5 23. Bc1 Rh5 24. cxd4 cxd4 25. Qe2 g6 26. Bg4 Nxg4 27. Qxg4 Nf6 28. Qf3 a6 29. b5 a5 30. Ba3 Re8 31. Rac1 Rg5 32. Rc2 h5 33. Bc1 Nh7 34. Bd2 h4 35. Rec1 Rh5 36. Nb2 Ng5 37. Qg4 Qe7 38. Rc8 Kg7 39. Rxe8 Qxe8 40. Bxg5 f5 41. exf5 Qd7 42. f6+ 1-0

[Event "Titled Tuesday intern op 15th Aug Early"]
[Site "Chess.com INT"]
[Date "2023.08.15"]
[Round "4"]
[White "Asish, Panda"]
[Black "Korpics, Zsolt"]
[Result "0-1"]
[WhiteElo "1731"]
[BlackElo "2300"]
[PlyCount "74"]
[EventDate "2023.08.15"]
[EventType "swiss (blitz)"]
[EventRounds "11"]
[EventCountry "USA"]
[SourceTitle "EXT 2024"]
[Source "ChessBase"]
[SourceDate "2023.10.10"]
[SourceVersion "1"]
[SourceVersionDate "2023.10.10"]
[SourceQuality "1"]

1. d4 Nf6 2. Bf4 d5 3. e3 c5 4. Nf3 Nc6 5. Nbd2 Bf5 6. dxc5 e6 7. a3 Bxc5 8. b4 Bd6 9. Bxd6 Qxd6 10. c4 0-0 11. c5 Qc7 12. Bb5 e5 13. 0-0 a6 14. Bxc6 bxc6 15. Nb3 h6 16. Qd2 Ne4 17. Qb2 Rfe8 18. Rad1 Bg4 19. Na5 Bxf3 20. gxf3 Ng5 21. Qe2 Qd7 22. h4 Nh7 23. Rfe1 Qh3 24. Qf1 Qxh4 25. Qg2 Ng5 26. Kf1 Re6 27. Ke2 e4 28. f4 Qh5+ 29. Kd2 Nf3+ 30. Kc3 Qf5 31. Rh1 Qf6+ 32. Kc2 d4 33. exd4 Nxd4+ 34. Kb1 Ne2 35. Rd2 Nc3+ 36. Kc2 Na4 37. Rhd1 Qb2# 0-1

[Event "Titled Tuesday intern op 15th Aug Early"]
[Site "Chess.com INT"]
[Date "2023.08.15"]
[Round "11"]
[White "Korpics, Zsolt"]
[Black "Wilson, Otis"]
[Result "1-0"]
[WhiteElo "2300"]
[BlackElo "1963"]
[PlyCount "57"]
[EventDate "2023.08.15"]
[EventType "swiss (blitz)"]
[EventRounds "11"]
[EventCountry "USA"]
[SourceTitle "EXT 2024"]
[Source "ChessBase"]
[SourceDate "2023.10.10"]
[SourceVersion "1"]
[SourceVersionDate "2023.10.10"]
[SourceQuality "1"]

1. e4 d6 2. d4 Nf6 3. Nc3 e5 4. Nf3 exd4 5. Nxd4 Be7 6. Bf4 0-0 7. Qd2 Re8 8. 0-0-0 Bf8 9. f3 Nbd7 10. g4 Ne5 11. Be2 a6 12. h4 c5 13. Nf5 Bxf5 14. gxf5 b5 15. h5 Qa5 16. Kb1 Nc4 17. Bxc4 bxc4 18. Qg2 Rab8 19. Ka1 Rb6 20. Bc1 Reb8 21. Qd2 Qb4 22. a3 Qa5 23. h6 R6b7 24. hxg7 Bxg7 25. Rdg1 Kh8 26. Rxg7 Kxg7 27. Qh6+ Kh8 28. Qxf6+ Kg8 29. Bh6 1-0

[Event "Titled Tuesday intern op 08th Aug Early"]
[Site "Chess.com INT"]
[Date "2023.08.08"]
[Round "5"]
[White "Kononenko, Dmitry1111"]
[Black "Korpics, Zsolt"]
[Result "0-1"]
[WhiteElo "2251"]
[BlackElo "2300"]
[PlyCount "72"]
[EventDate "2023.08.08"]
[EventType "swiss (blitz)"]
[EventRounds "11"]
[EventCountry "USA"]
[SourceTitle "EXT 2024"]
[Source "ChessBase"]
[SourceDate "2023.10.10"]
[SourceVersion "1"]
[SourceVersionDate "2023.10.10"]
[SourceQuality "1"]

1. e4 c5 2. Nf3 e6 3. d4 cxd4 4. Nxd4 Nc6 5. Nc3 Qc7 6. Bc4 Nf6 7. 0-0 Nxd4 8. Qxd4 Bc5 9. Nb5 Qc6 10. Qd3 a6 11. Nd4 Qd6 12. Be3 Ng4 13. g3 Ne5 14. Qd1 Bxd4 15. Bxd4 Qxd4 16. Qxd4 Nf3+ 17. Kg2 Nxd4 18. Rfd1 Nc6 19. f4 b5 20. Be2 Bb7 21. Bf3 Ke7 22. e5 Na5 23. Bxb7 Nxb7 24. Rd2 d5 25. a4 bxa4 26. Rxa4 Nc5 27. Ra5 Ne4 28. Rd4 Rhc8 29. c3 Rab8 30. Ra2 Rb6 31. f5 exf5 32. Rxd5 Rcb8 33. Kh3 Rxb2 34. Rxa6 Ng5+ 35. Kh4 Nf3+ 36. Kh5 Rxh2# 0-1

[Event "Titled Tuesday intern op 08th Aug Late"]
[Site "Chess.com INT"]
[Date "2023.08.08"]
[Round "1"]
[White "Korpics, Zsolt"]
[Black "Annaberdiev, Meilis"]
[Result "0-1"]
[WhiteElo "2300"]
[BlackElo "2482"]
[PlyCount "68"]
[EventDate "2023.08.08"]
[EventType "swiss (blitz)"]
[EventRounds "11"]
[EventCountry "USA"]
[SourceTitle "EXT 2024"]
[Source "ChessBase"]
[SourceDate "2023.10.10"]
[SourceVersion "1"]
[SourceVersionDate "2023.10.10"]
[SourceQuality "1"]

1. e4 c5 2. Nf3 Nc6 3. d4 cxd4 4. Nxd4 e5 5. Nb5 d6 6. N1c3 a6 7. Na3 Be7 8. Nc4 b5 9. Ne3 Nf6 10. Ned5 0-0 11. Bd3 Nxd5 12. Nxd5 Bg5 13. Be3 Bxe3 14. Nxe3 Be6 15. 0-0 Ne7 16. Qd2 Qb6 17. Rad1 Rad8 18. Nf5 Bxf5 19. exf5 f6 20. Qe3 Qc7 21. a4 bxa4 22. Bxa6 Nxf5 23. Qe4 Nd4 24. c3 d5 25. Qh4 Nb3 26. Qxa4 Nc5 27. Qa2 Kh8 28. Rxd5 Rxd5 29. Qxd5 Nxa6 30. Rd1 h6 31. c4 Rb8 32. Rd2 Nb4 33. Qe6 Qb6 34. h4 Qxe6 0-1

[Event "Titled Tuesday intern op 08th Aug Early"]
[Site "Chess.com INT"]
[Date "2023.08.08"]
[Round "4"]
[White "Korpics, Zsolt"]
[Black "Petersson, Kjell"]
[Result "1-0"]
[WhiteElo "2300"]
[BlackElo "2040"]
[PlyCount "117"]
[EventDate "2023.08.08"]
[EventType "swiss (blitz)"]
[EventRounds "11"]
[EventCountry "USA"]
[SourceTitle "EXT 2024"]
[Source "ChessBase"]
[SourceDate "2023.10.10"]
[SourceVersion "1"]
[SourceVersionDate "2023.10.10"]
[SourceQuality "1"]

1. e4 c5 2. Nf3 d6 3. Nc3 g6 4. d4 cxd4 5. Qxd4 Nf6 6. e5 Nc6 7. Bb5 Ng4 8. e6 f6 9. Qxg4 f5 10. Qa4 Bxe6 11. Nd4 Bd7 12. Nxc6 bxc6 13. Bxc6 Bxc6 14. Qxc6+ Kf7 15. Bg5 Bg7 16. Qd5+ Kf8 17. 0-0 h6 18. Bf4 Bf6 19. Be3 Kg7 20. Rad1 Rb8 21. Bxa7 Rxb2 22. Bd4 e5 23. Be3 Rxc2 24. Qb3 Rxc3 25. Qxc3 d5 26. Qc6 d4 27. Qb7+ Be7 28. Bc1 Kf8 29. Rfe1 Bd6 30. Qd5 Kg7 31. Rxe5 Bxe5 32. Qxe5+ Qf6 33. Qxf6+ Kxf6 34. Rxd4 Rc8 35. Rd1 Rc2 36. a3 Ke5 37. Kf1 Ke4 38. Be3 Ra2 39. Rd4+ Ke5 40. a4 g5 41. Rb4 f4 42. Bd4+ Kd5 43. f3 Rc2 44. Bf2 Rc1+ 45. Be1 Kc5 46. Rb5+ Kc6 47. Ra5 Kb6 48. Rb5+ Kc6 49. Rf5 Ra1 50. a5 Kd6 51. Rf6+ Ke5 52. Rxh6 Kf5 53. Rb6 Ke5 54. Rh6 Kf5 55. h4 g4 56. Rh5+ Kg6 57. fxg4 Kf6 58. Rf5+ Kg6 59. Rxf4 1-0

[Event "Titled Tuesday intern op 25th Jul Late"]
[Site "Chess.com INT"]
[Date "2023.07.25"]
[Round "7"]
[White "Dubnevych, Maksym"]
[Black "Korpics, Zsolt"]
[Result "0-1"]
[WhiteElo "2251"]
[BlackElo "2300"]
[PlyCount "34"]
[EventDate "2023.07.25"]
[EventType "swiss (blitz)"]
[EventRounds "11"]
[EventCountry "USA"]
[SourceTitle "EXT 2024"]
[Source "ChessBase"]
[SourceDate "2023.10.10"]
[SourceVersion "1"]
[SourceVersionDate "2023.10.10"]
[SourceQuality "1"]

1. d4 Nf6 2. Nc3 d5 3. Bf4 c5 4. e4 Nxe4 5. Nxe4 dxe4 6. dxc5 Qa5+ 7. Qd2 Qxc5 8. 0-0-0 Nc6 9. f3 Bf5 10. Be3 Qe5 11. f4 Qe6 12. Bb5 Qxa2 13. Qc3 Qa1+ 14. Kd2 0-0-0+ 15. Bd4 Rxd4+ 16. Qxd4 Qxd1+ 17. Kxd1 Nxd4 0-1

[Event "Titled Tuesday intern op 25th Jul Late"]
[Site "Chess.com INT"]
[Date "2023.07.25"]
[Round "1"]
[White "Korpics, Zsolt"]
[Black "Dyachuk, Artem"]
[Result "0-1"]
[WhiteElo "2300"]
[BlackElo "2261"]
[PlyCount "70"]
[EventDate "2023.07.25"]
[EventType "swiss (blitz)"]
[EventRounds "11"]
[EventCountry "USA"]
[SourceTitle "EXT 2024"]
[Source "ChessBase"]
[SourceDate "2023.10.10"]
[SourceVersion "1"]
[SourceVersionDate "2023.10.10"]
[SourceQuality "1"]

1. e4 c6 2. Nf3 d5 3. Nc3 Nf6 4. e5 Ne4 5. Ne2 Qb6 6. d4 e6 7. g3 c5 8. Bg2 Nc6 9. 0-0 cxd4 10. Nexd4 Bc5 11. c3 Bd7 12. b4 Bxd4 13. cxd4 Nc3 14. Qd3 Nxd4 15. Be3 Bb5 16. Qd2 Nde2+ 17. Kh1 Qa6 18. Rfe1 Ne4 19. Qb2 N2c3 20. Nd4 Na4 21. Qb3 0-0 22. Nxb5 Qxb5 23. Bf1 Qd7 24. f3 d4 25. Rad1 Nec3 26. Rxd4 Nd5 27. Bc4 Nab6 28. Bd3 Rac8 29. Bd2 Rfd8 30. Rh4 g6 31. Be4 Qa4 32. Qb2 Nc4 33. Qd4 Ndb6 34. Qf2 Rxd2 35. Re2 Qd1+ 0-1

[Event "Titled Tuesday intern op 25th Jul Late"]
[Site "Chess.com INT"]
[Date "2023.07.25"]
[Round "6"]
[White "Korpics, Zsolt"]
[Black "Herrera Perez, Martin Steven"]
[Result "1-0"]
[WhiteElo "2300"]
[BlackElo "2005"]
[PlyCount "113"]
[EventDate "2023.07.25"]
[EventType "swiss (blitz)"]
[EventRounds "11"]
[EventCountry "USA"]
[SourceTitle "EXT 2024"]
[Source "ChessBase"]
[SourceDate "2023.10.10"]
[SourceVersion "1"]
[SourceVersionDate "2023.10.10"]
[SourceQuality "1"]

1. e4 c5 2. Nf3 e6 3. d4 cxd4 4. Nxd4 a6 5. Bd3 Qc7 6. c4 Nf6 7. 0-0 h5 8. h3 Be7 9. Nc3 d6 10. Be3 Nbd7 11. Rc1 h4 12. b3 Nh5 13. Nde2 g5 14. f4 gxf4 15. Nxf4 Ng3 16. Rf3 Ne5 17. Rf2 Bd7 18. Nfe2 Rg8 19. Nxg3 Rxg3 20. Qe2 Qa5 21. Bb1 0-0-0 22. Qd2 Rdg8 23. Kh1 Qd8 24. Ne2 R3g7 25. c5 Bc6 26. cxd6 Qxd6 27. Qxd6 Bxd6 28. Nd4 Kd7 29. Bf4 Ke7 30. Bxe5 Bxe5 31. Nxc6+ bxc6 32. Rxc6 Rd8 33. Rc1 Rd4 34. Rcf1 Bg3 35. Rf3 a5 36. a3 Be5 37. Rd3 f6 38. Rxd4 Bxd4 39. b4 axb4 40. axb4 Rg3 41. Rf3 Rg5 42. Rd3 e5 43. Ba2 Kd6 44. Bd5 Rg7 45. Ra3 Rc7 46. Ra6+ Ke7 47. Rc6 Ra7 48. Rc1 Ra3 49. Rb1 Bb6 50. b5 Kd7 51. Bc6+ Kd6 52. Rd1+ Bd4 53. Bd5 Kc5 54. Bc6 Kb6 55. Rb1 Ra2 56. Bd5 Bb2 57. Bxa2 1-0

[Event "Titled Tuesday intern op 25th Jul Late"]
[Site "Chess.com INT"]
[Date "2023.07.25"]
[Round "2"]
[White "Korpics, Zsolt"]
[Black "Kanakaris, Georgios"]
[Result "0-1"]
[WhiteElo "2300"]
[BlackElo "2392"]
[PlyCount "128"]
[EventDate "2023.07.25"]
[EventType "swiss (blitz)"]
[EventRounds "11"]
[EventCountry "USA"]
[SourceTitle "EXT 2024"]
[Source "ChessBase"]
[SourceDate "2023.10.10"]
[SourceVersion "1"]
[SourceVersionDate "2023.10.10"]
[SourceQuality "1"]

1. e4 e6 2. d4 d5 3. Bd3 c5 4. Nf3 dxe4 5. Bxe4 Nf6 6. Bd3 Nc6 7. Be3 Nd5 8. c3 Nxe3 9. fxe3 Be7 10. 0-0 0-0 11. Nbd2 e5 12. Nb3 cxd4 13. exd4 exd4 14. Nbxd4 Nxd4 15. Nxd4 Bf6 16. Kh1 g6 17. Bc4 Be5 18. Nf3 Qxd1 19. Raxd1 Bf6 20. Nd4 Kg7 21. Nb5 Bg4 22. Rd2 a6 23. Nc7 Rac8 24. Nd5 Bg5 25. Rd4 Be6 26. Bb3 Rfd8 27. Rfd1 Rc6 28. Nb4 Rxd4 29. cxd4 Rb6 30. Bxe6 fxe6 31. a3 Bf6 32. d5 exd5 33. Nxd5 Rxb2 34. Nxf6 Kxf6 35. h3 h5 36. Rd3 a5 37. Kh2 b5 38. Kg3 g5 39. Kf3 Ke5 40. g4 h4 41. Ke3 Rh2 42. Rd8 Rxh3+ 43. Kd2 Rxa3 44. Rb8 b4 45. Rg8 Kf4 46. Rc8 Kxg4 47. Rc4+ Kg3 48. Rc1 h3 49. Rg1+ Kh4 50. Rh1 g4 51. Rg1 g3 52. Re1 h2 53. Re4+ Kh3 54. Re1 Ra2+ 55. Kd3 g2 56. Re3+ Kg4 57. Re4+ Kf5 58. Re2 Rxe2 59. Kxe2 g1Q 60. Kd3 Qg4 61. Kd2 Qf3 62. Kc2 h1Q 63. Kb2 Qhg2+ 64. Kc1 Qff1# 0-1

[Event "Titled Tuesday intern op 25th Jul Late"]
[Site "Chess.com INT"]
[Date "2023.07.25"]
[Round "5"]
[White "Korpics, Zsolt"]
[Black "Santos Flores, Alberto Javier"]
[Result "0-1"]
[WhiteElo "2300"]
[BlackElo "2164"]
[PlyCount "86"]
[EventDate "2023.07.25"]
[EventType "swiss (blitz)"]
[EventRounds "11"]
[EventCountry "USA"]
[SourceTitle "EXT 2024"]
[Source "ChessBase"]
[SourceDate "2023.10.10"]
[SourceVersion "1"]
[SourceVersionDate "2023.10.10"]
[SourceQuality "1"]

1. e4 e6 2. d4 d5 3. Nc3 Nf6 4. Bg5 Bb4 5. e5 h6 6. Bc1 Ne4 7. Qg4 Kf8 8. Nge2 c5 9. a3 Nxc3 10. bxc3 Ba5 11. Bd2 Nc6 12. Rd1 cxd4 13. cxd4 Bxd2+ 14. Rxd2 Qa5 15. Qf3 b6 16. Qc3 Bd7 17. g3 Rc8 18. Qxa5 Nxa5 19. Bg2 Bb5 20. f4 Ke7 21. f5 Bxe2 22. Kxe2 Rc3 23. Ra1 Nc4 24. Rd3 Rxc2+ 25. Kf3 exf5 26. Bh3 Ke6 27. Kf4 g5+ 28. Kf3 g4+ 29. Bxg4 fxg4+ 30. Kxg4 Rxh2 31. Rf1 Rg8+ 32. Kf3 Nd2+ 33. Rxd2 Rxd2 34. Rc1 Rxd4 35. Rc6+ Kxe5 36. g4 Rdxg4 37. a4 Rxa4 38. Rxh6 f5 39. Kf2 Kf4 40. Rh4+ Rg4 41. Rh3 Ra2+ 42. Kf1 Rg3 43. Rh4+ Kf3 0-1

[Event "Titled Tuesday intern op 25th Jul Late"]
[Site "Chess.com INT"]
[Date "2023.07.25"]
[Round "10"]
[White "Korpics, Zsolt"]
[Black "Yu, Jennifer R"]
[Result "0-1"]
[WhiteElo "2300"]
[BlackElo "2303"]
[PlyCount "114"]
[EventDate "2023.07.25"]
[EventType "swiss (blitz)"]
[EventRounds "11"]
[EventCountry "USA"]
[SourceTitle "EXT 2024"]
[Source "ChessBase"]
[SourceDate "2023.10.10"]
[SourceVersion "1"]
[SourceVersionDate "2023.10.10"]
[SourceQuality "1"]

1. e4 g6 2. d4 Bg7 3. Nc3 d6 4. h4 h5 5. Nf3 a6 6. Ng5 e6 7. Qf3 Qe7 8. Bd3 Bxd4 9. Be3 Bg7 10. 0-0 Nc6 11. Rfe1 Nf6 12. Qg3 0-0 13. Rad1 Ne5 14. Be2 Neg4 15. Bf4 b5 16. a3 Bb7 17. f3 Ne5 18. Kh1 Nfd7 19. Bf1 Rad8 20. Nh3 f6 21. Be3 Qf7 22. Nf4 Kh7 23. Qh3 Rde8 24. a4 b4 25. Na2 a5 26. c3 Bc6 27. cxb4 axb4 28. Nxb4 Bxa4 29. Rc1 c5 30. Na2 Bb3 31. Nc3 Rc8 32. Nb5 Qe7 33. Rc3 Ba4 34. Nxe6 Rfe8 35. Nf4 Bxb5 36. Bxb5 Nb6 37. Bf1 Qf7 38. Rd1 Rcd8 39. Rb3 Nbc4 40. Bg1 Na5 41. Ra3 Nac4 42. Rc3 Nxb2 43. Rc2 Nxd1 44. Nd5 c4 45. Be2 Nd3 46. Bxd1 Rb8 47. Rxc4 Rb1 48. Nc3 Rc1 49. Be3 Ra1 50. Kh2 Qxc4 51. Nd5 Rxd1 52. Qd7 Rf8 53. Ne7 Qc3 54. Bf4 Ne5 55. Bg3 Nxf3+ 56. gxf3 Qxf3 57. Qh3 Rh1# 0-1

[Event "Titled Tuesday intern op 18th Jul Early"]
[Site "Chess.com INT"]
[Date "2023.07.18"]
[Round "4"]
[White "Korpics, Zsolt"]
[Black "Lye, Sverre"]
[Result "1-0"]
[WhiteElo "2300"]
[BlackElo "2107"]
[PlyCount "67"]
[EventDate "2023.07.18"]
[EventType "swiss (blitz)"]
[EventRounds "11"]
[EventCountry "USA"]
[SourceTitle "EXT 2024"]
[Source "ChessBase"]
[SourceDate "2023.10.10"]
[SourceVersion "1"]
[SourceVersionDate "2023.10.10"]
[SourceQuality "1"]

1. e4 c5 2. Nf3 Nc6 3. d4 cxd4 4. Nxd4 e5 5. Nb5 d6 6. N1c3 a6 7. Na3 b5 8. Nd5 Nf6 9. Bg5 Be7 10. Bxf6 Bxf6 11. c4 Nd4 12. cxb5 axb5 13. Nxb5 0-0 14. Nxd4 exd4 15. Bd3 Qa5+ 16. b4 Qa3 17. 0-0 Bg5 18. f4 Bh6 19. Qf3 Bg4 20. Nf6+ gxf6 21. Qxg4+ Kh8 22. Rf3 Qb2 23. Rb1 Qd2 24. Qh5 Rxa2 25. Bf1 Bxf4 26. Rh3 Be3+ 27. Kh1 h6 28. Qf5 Rg8 29. Qxf6+ Rg7 30. Rg3 Bg5 31. Qf5 Bf4 32. Rxg7 Kxg7 33. Qg4+ Kf6 34. Bc4 1-0